01170 a2200265 4500003000500000005001700005010001700022020002300039020002600062035002400088040000900112082001000121100002500131245009800156260003600254300006400290490005500354505032400409650002300733650002900756650003200785651001100817700002000828830005600848Nust20170207154044.0 a 2009011754 a0470040394 (cloth) a9780470040393 (cloth) a(OCoLC)ocn298775852 cNust00a004.61 aLastovetsky, Alexey,10aHigh-performance heterogeneous computing - (E-BOOK)cAlexey L. Lastovetsky, Jack J. Dongarra. aHoboken, N.J. :bWiley,cc2009. axii, 267 p., [2] p. of plates :bill. (some col.) ;c25 cm.1 aWiley series on parallel and distributed computing aPart I Heterogeneous Platforms: Taxonomy, Typical Uses, And Programming Issues (Page-1) Part Ii Performance Models Of Heterogeneous Platforms And Design Of Heterogeneous Algorithms (Page-23), Part Iii Performance: Implementation And Software (Page-109), Part Iv Applications (Page-169), Part V Future Trends (Page-227). 0aComputer networks. 0aHeterogeneous computing. 0aHigh performance computing. aE-BOOK1 aDongarra, J. J. 0aWiley series on parallel and distributed computing.